logo

Bir Sreshtho Munshi Abdur Rouf Library
Jhenaidah Cadet College

A text-book of Electrical Technology / (Record no. 4496)

MARC details
000 -LEADER
fixed length control field 00624nam a2200229 a 4500
001 - CONTROL NUMBER
JCCL Control Number 4496
003 - CONTROL NUMBER IDENTIFIER
JCCL marc code BD-JhCC
005 - DATE AND TIME OF LATEST TRANSACTION
control field 20180716193239.0
008 - FIXED-LENGTH DATA ELEMENTS--GENERAL INFORMATION
fixed length control field 171127s19601979ii a|||| || | 000 0 eng d
035 ## - SYSTEM CONTROL NUMBER
system control number (BD-JhCC)4496
040 ## - CATALOGING SOURCE
Original cataloging agency BD-JhCC
Modifying agency BD-JhCC
041 ## - LANGUAGE CODE
Language code of Book eng
082 ## - DEWEY DECIMAL CLASSIFICATION NUMBER
Classification number 620
Author mark and Year THE 1979
100 ## - MAIN ENTRY--PERSONAL NAME
Personal name Theraja, B. L.
245 ## - TITLE STATEMENT
Title A text-book of Electrical Technology /
Statement of responsibility, etc B. L. Theraja and A. K. Theraja
260 ## - PUBLICATION, DISTRIBUTION, ETC. (IMPRINT)
Place of publication, distribution, etc New Delhi :
Name of publisher, distributor, etc S. Chand & Company Ltd.,
Date of publication, distribution, etc 1979
300 ## - PHYSICAL DESCRIPTION
Pagination Various pages :
Dimensions 24 cm.
650 ## - SUBJECT ADDED ENTRY--TOPICAL TERM
Topical term or geographic name as entry element Electrical Engineering
700 ## - ADDED ENTRY--PERSONAL NAME
Personal name Theraja, A. K.
942 ## - ADDED ENTRY ELEMENTS (KOHA)
Source of classification or shelving scheme Dewey Decimal Classification
Koha item type Books
Holdings
Source of classification or shelving scheme volume number Damaged status Not for loan Home library Current library Shelving location Date of accession Cost, normal purchase price Total Checkouts Full call number Barcode Date last seen Copy number Koha item type
Dewey Decimal Classification V-2     JCC Rouf Library JCC Rouf Library General Stacks 11/27/2017 30.00   620 THE 1979 6305 11/27/2017 C- 1 Books
Dewey Decimal Classification V-1     JCC Rouf Library JCC Rouf Library General Stacks       620 THE 1979 11153 03/06/2018 C - 2 Books
Dewey Decimal Classification       JCC Rouf Library JCC Rouf Library General Stacks 04/04/2018     620 THE 1979 13155 04/04/2018 C-3 Books
Dewey Decimal Classification       JCC Rouf Library JCC Rouf Library General Stacks 04/04/2018     620 THE 1979 13243 04/04/2018 C-4 Books

JCC Library | Contacts | JCC Home

Last Update on 23 September 2017
Copyright @ 2017-2020 JCC Rouf Library
Rouf Library, Jhenidah Cadet College (JCC), Bangladesh